Sesión extraordinaria celebrada en la Junta General el día 19 de mayo de 1896 en honor del secretario general que fue de la Sociedad, Martín Ferreiro y Peralta...: discurso a nombre de la Sociedad... / (Record no. 46370)

MARC details
000 -LEADER
campo de control de longitud fija 00801nam a2200193 i 4500
001 - NÚMERO DE CONTROL
campo de control 46370
003 - IDENTIFICADOR DE NÚMERO DE CONTROL
campo de control ES-MaACL
005 - FECHA Y HORA DE LA ÚLTIMA TRANSACCIÓN
campo de control 20250928145323.0
007 - CAMPO FIJO DE DESCRIPCIÓN FÍSICA--INFORMACIÓN GENERAL
campo de control de longitud fija t|
008 - DATOS DE LONGITUD FIJA--INFORMACIÓN GENERAL
campo de control de longitud fija 030328s1896 sp ||||1| spa d
100 1# - ENTRADA PRINCIPAL--NOMBRE DE PERSONA
Nombre de persona Concas y Palau, Víctor.
9 (RLIN) 40067
245 10 - MENCIÓN DEL TÍTULO
Título Sesión extraordinaria celebrada en la Junta General el día 19 de mayo de 1896 en honor del secretario general que fue de la Sociedad, Martín Ferreiro y Peralta...: discurso a nombre de la Sociedad... /
Mención de responsabilidad, etc. Víctor Mª Concas y Palau.
260 ## - PUBLICACIÓN, DISTRIBUCIÓN, ETC.
Lugar de publicación, distribución, etc. Madrid :
Nombre del editor, distribuidor, etc. [s.n.],
Fecha de publicación, distribución, etc. 1896 (
Fabricante Fortanet)
300 ## - DESCRIPCIÓN FÍSICA
Extensión 7 p., [1] h. de lám. ;
Dimensiones 25 cm.
600 14 - PUNTO DE ACCESO ADICIONAL DE MATERIA--NOMBRE DE PERSONA
Nombre de persona Ferreiro, Martín,
Fechas asociadas al nombre 1830-1896
9 (RLIN) 50393
710 2# - ENTRADA AGREGADA--NOMBRE DE ENTIDAD CORPORATIVA
Nombre de entidad corporativa o nombre de jurisdicción como elemento de entrada Sociedad Geográfica de Madrid.
9 (RLIN) 6775
852 ## - LOCALIZACIÓN
Ubicación ES-MaACL
Número de control de estantería T-814-F-11
Nota libre - Enc. en un vol. facticio
Holdings
Estatus retirado Estado de pérdida Estado de daño No para préstamo Colección Biblioteca de origen Biblioteca actual Ubicación en estantería Fecha de adquisición Fuente de adquisición Total de préstamos Signatura topográfica completa Código de barras Visto por última vez Precio de reemplazo Tipo de ítem Koha
        Colección de folletos Biblioteca del Ateneo de Madrid Biblioteca del Ateneo de Madrid Depósito folletos 17/01/2008     T-814-F-11 1048770 23/02/2023 23/02/2023 Folleto